000 01217nam a22003137a 4500
003 OSt
005 20221230143119.0
008 221230b |||||||| |||| 00| 0 eng d
020 _a0761973257
020 _a0761973001 (pbk.)
035 _a(OCoLC)ocm55744122
040 _aVXZ
_cKMU
_dIXA
_dMUQ
_dDLC
042 _alccopycat
050 0 0 _aGF21
_b.P73 2004
245 0 0 _aPractising human geography /
_cPaul Cloke ... [et al.].
246 3 _aPracticing human geography
260 _aLondon ;
_aThousand Oaks, Calif. :
_bSAGE,
_c2004.
300 _axvi, 416 p. :
_bill. ;
_c25 cm.
504 _aIncludes bibliographical references (p. [376]-408) and index.
650 0 _aHuman geography
_xMethodology.
650 0 _aApplied human geography
_xMethodology.
700 1 _aCloke, Paul J.
856 4 2 _3Publisher description
_uhttp://www.loc.gov/catdir/enhancements/fy0657/2003108066-d.html
856 4 1 _3Table of contents only
_uhttp://www.loc.gov/catdir/enhancements/fy0657/2003108066-t.html
906 _a7
_bcbc
_ccopycat
_d2
_eepcn
_f20
_gy-gencatlg
942 _2ddc
_cBK
_n0
999 _c47
_d47